[Event "FRA-chT3 0405"]
[Site "France"]
[Date "2004.11.07"]
[Round "2.8"]
[White "Tournaire, Julien"]
[Black "Juhel, Catherine"]
[Result "1-0"]
[WhiteElo "1290"]
[BlackElo "1460"]
[PlyCount "91"]
[EventDate "2004.10.10"]
[EventType "team"]
[EventRounds "9"]
[EventCountry "FRA"]
[SourceTitle "EXT 2007"]
[Source "ChessBase"]
[SourceDate "2006.11.23"]
[SourceVersion "1"]
[SourceVersionDate "2006.11.23"]
[SourceQuality "1"]

1. e4 e5 2. f4 Nc6 3. Nf3 d6 4. Bc4 Nf6 5. Nc3 Be7 6. d3 0-0 7. 0-0 Bg4 8. h3 Bd7 9. f5 Na5 10. Bb3 Nxb3 11. axb3 Nh5 12. Nd5 c6 13. Nxe7+ Qxe7 14. Nxe5 Ng3 15. Nxd7 Nxf1 16. Nxf8 Ng3 17. Qg4 Qe5 18. c3 h5 19. Qf3 h4 20. Nd7 Qe8 21. Nf6+ gxf6 22. Qg4+ Kf8 23. Qxh4 Ne2+ 24. Kh1 Nxc1 25. Rxc1 Ke7 26. Ra1 a6 27. Qf2 c5 28. d4 cxd4 29. Qxd4 Qg8 30. Rd1 Rd8 31. Qb6 Rd7 32. c4 Qg3 33. Qb4 Rd8 34. Qxb7+ Rd7 35. Qb6 Qe5 36. Qd4 Qg3 37. Rd3 Qg5 38. c5 Qf4 39. cxd6+ Kd8 40. Qxf6+ Kc8 41. Rc3+ Kb7 42. e5 Qf1+ 43. Kh2 Qf4+ 44. Rg3 Kc6 45. e6 Qxd6 46. Qc3+ 1-0